000 00715nas a2200241 4500
001 BR2013005419
003 BR-BrBNA
005 20231205122616.0
007 ta
008 230509b bl.|||p| |||| 00| 00por d
040 _aBR-BrBNA
_bpor
_cBiblioteca Nacional de Agricultura
041 _a(Pt)
072 _aE21
100 1 _aGonçalves, A.A.
245 1 _aInovar para um crescimento sustentável
650 _aINOVAÇÃO
650 _aCRESCIMENTO ECONÔMICO
650 _aINDÚSTRIA ALIMENTÍCIA
650 _aPESCA
773 0 _tRevista Aquicultura e Pesca (Brazil)
_xISSN 1807-9741
_g(May-Jun 2008), v. 3(33) p. 18-21
_wBR2013005419
909 _a202311
_bLúcia
_c55
_dLúcia Elande
942 _2AGRIS
_n0
_cANA
999 _c229558
_d229558